Kansas City Quiz - Statistics

General Stats
  • This quiz has been taken 24 times
  • The average score is 7 of 12
Answer Stats
Hint Answer % Correct
Shares its city with Missouri Kansas City
100%
Shares a name with a very populated NYC borough Manhattan
100%
Capital Topeka
100%
Largest city Wichita
93%
Shares a name with Minnesota's biggest city Minneapolis
79%
Very small town that's named after the capital of Switzerland Bern
64%
Has the same as a country in the Middle East (starts with L) Lebanon
64%
Located in one the world's largest wheat producing areas (starts with S) Salina
36%
Decent sized small town in the southern part of the state, also a political word Liberal
29%
Birthplace of Amelia Earhart Atchison
14%
Small town across the river from St. Joseph, MO (starts with E) Elwood
7%
Town that has the same name as a Slipknot song (starts with V) Vermillion
7%
No matching quizzes found
Score Distribution
Percent of People with Each Score
Percentile by Number Answered
Your Score History
You have not taken this quiz